El cojo bueno
Guardado en:
| Autor principal: | |
|---|---|
| Formato: | Libro |
| Lenguaje: | Spanish |
| Publicado: |
San Salvador, El Salvador
Consejo Nacional para la Cultura y el Arte. Dirección de Publicaciones e Impresos
2001
|
| Edición: | 2. edición |
| Colección: | Ficciones
número 10 |
| Materias: | |
| Etiquetas: |
Agregar Etiqueta
Sin Etiquetas, Sea el primero en etiquetar este registro!
|
MARC
| LEADER | 00000nam a22000007a 4500 | ||
|---|---|---|---|
| 007 | ta | ||
| 008 | 140303b2001 es |||g |||| 000 f spa d | ||
| 020 | |a 9992300736 | ||
| 040 | |a cru CIICLA Universidad de Investigación | ||
| 082 | |a G863.44 R456c2 | ||
| 100 | 1 | |a Rey Rosa, Rodrigo |d 1958- | |
| 245 | 0 | 3 | |a El cojo bueno |c Rodrigo Rey Rosa |
| 250 | |a 2. edición | ||
| 260 | |a San Salvador, El Salvador |b Consejo Nacional para la Cultura y el Arte. Dirección de Publicaciones e Impresos |c 2001 | ||
| 300 | |a 96 páginas | ||
| 490 | 0 | |a Ficciones |v número 10 | |
| 650 | 7 | |9 46 |a LITERATURA GUATEMALTECA |v NOVELA | |
| 942 | |2 ddc |c BK | ||
| 999 | |c 3205 |d 3205 | ||



